| 000 | 00397nam a2200169Ia 4500 | ||
|---|---|---|---|
| 008 | 230524s9999 xx 000 0 und d | ||
| 020 | _a0070473358 | ||
| 082 |
_a604.2 _bANW |
||
| 100 | _aM.L.Anwani | ||
| 245 | 0 | _aBasic Engineering Drawing | |
| 250 | _a5TH | ||
| 260 |
_aNEW DELHI _bDhanpatrai _c2005 |
||
| 300 | _aIV;260 | ||
| 500 | _aQuantity Number: 5 | ||
| 650 | _aMechanics | ||
| 942 | _cBK | ||
| 999 |
_c4467 _d4467 |
||